| 000 | 01520nam a2200229 a 4500 | ||
|---|---|---|---|
| 001 | 000041609 | ||
| 005 | 20201002035650.0 | ||
| 008 | 131014s19782005sp g 000 0 spa d | ||
| 020 | _a8400002245 | ||
| 040 |
_aDO-SdBNP _bspa _cBNPHU |
||
| 082 |
_axxx _bxxx |
||
| 100 | 1 |
_aGuerrero, Francisco _d1528-1599 _968382 |
|
| 245 | 1 | 0 |
_aOpera Omnia. / _cFrancisco Guerrero; introducción, José M. Llorens Cisteró; semitonía, Karl H. Müller-Lancé. |
| 260 |
_aBarcelona, : _bConsejo Superior de Investigaciones Científicas _bInstituto Español de Musicología, _c1978-2005. |
||
| 300 |
_av. : _bmus. ; _c33 cm. |
||
| 490 | 1 |
_aMonumentos de la música española _v36 _v38 _v43 _v48 _v51 _v52 _v56 _v62 _v68 _v72 |
|
| 505 | 0 |
_gv. 1 _tCanciones y villanescas espirituales (Venecia 1589). Primera parte, a cinco voces _gv. 2 _tCanciones y villanescas espirituales (Venecia 1589). Segunda parte, a cuatro y a tres voces _gv 3 _tMotetes I-XXII _gv. 4 _tMissarum liber primus _gv. 5 _tMissarum liber secundus _gv. 7 _tMissarum liber tertius _gv. 8 _tMissarum liber quartus _gv. 9 _tMissarum liber quintus _gv. 10 _tMagnificat per omnes tonos _gv. 11 _tSalmos de vísperas - pasionarios _gv. 13 _tMotetes del santoral, XLVII-LXXV _gv. 14 _tMotetes de tempore et alia, LXXVI-CVII |
|
| 500 | _aLa biblioteca posee los volumenes: 3, 4, 5, 7, 8, 9, 10, 11, 13 y 14 | ||
| 700 | 1 |
_aLlorens Cisteró, José M. _eintr. _968383 |
|
| 700 | 1 |
_aMüller-Lancé, Karl H. _esem. _968384 |
|
| 830 | 0 |
_aMonumentos de la música española _v36, 38, 43, 48, 51, 52, 56, 62, 68, 72 _965588 |
|
| 999 |
_c41099 _d41099 |
||